| 000 | 01064cam a2200301 a 4500 | ||
|---|---|---|---|
| 001 | 3929208 | ||
| 003 | NUST - PNEC | ||
| 005 | 20170116181119.0 | ||
| 008 | 920323s1991 enka b 001 0beng | ||
| 010 | _a 92135620 | ||
| 020 |
_a187218054X : _c£16.99 |
||
| 040 |
_aDLC _cLIBRARY _dDLC |
||
| 043 | _ae-uk--- | ||
| 050 | 0 | 0 |
_aDA591.M33 _bA75 1991 |
| 082 | 0 | 0 |
_a941.0859092 AND _aB _220 |
| 100 | 1 |
_aAnderson, Bruce _c(Columnist) |
|
| 245 | 1 | 0 |
_aJohn Major _cBruce Anderson. |
| 260 |
_aLondon : _bFourth Estate, _cc.1992 |
||
| 300 |
_axiii, 324 p. : _bill. ; _c24 cm. |
||
| 504 | _aIncludes bibliographical references and index. | ||
| 600 | 1 | 0 |
_aMajor, John Roy, _d1943- |
| 610 | 2 | 0 |
_aConservative Party (Great Britain) _xBiography. |
| 650 | 0 |
_aPrime ministers _zGreat Britain _xBiography. |
|
| 651 | 0 |
_aGreat Britain _xPolitics and government _y1979-1997. |
|
| 906 |
_a7 _bcbc _corignew _d2 _encip _f19 _gy-gencatlg |
||
| 942 |
_2ddc _cBK |
||
| 999 |
_c69488 _d69488 |
||